[Event "Copenhagen Chess Challenge 2017"]
[Site "Ballerup"]
[Date "2017.05.13"]
[Round "6.28"]
[White "Bendixen, Daniel"]
[Black "Andersen, Kim Nyvang"]
[Result "0-1"]
[WhiteElo "1855"]
[BlackElo "2011"]
[PlyCount "84"]
[EventDate "2017.05.10"]

1. e4 c5 2. c4 e5 3. Nc3 Nc6 4. d3 d6 5. Nge2 g6 6. g3 Bg4 7. Bg2 Nd4 8. O-O
Qd7 9. f3 Be6 10. Nxd4 cxd4 11. Nd5 Bg7 12. Bd2 f5 13. Qb3 h6 14. Qa3 Bxd5 15.
cxd5 Nf6 16. Bb4 Ke7 17. f4 Ng4 18. Bd2 a6 19. Rae1 Rac8 20. exf5 gxf5 21. h3
Ne3 22. Bxe3 dxe3 23. fxe5 Bxe5 24. Rxe3 Kd8 25. Ref3 f4 26. Qb4 Qg7 27. Kh1
Rc5 28. Qe4 Rg8 29. b3 Rb5 30. b4 Re8 31. gxf4 Bc3 32. Qf5 Rxb4 33. h4 Rb2 34.
Qh3 Rxa2 35. Rg3 Qf6 36. Be4 Ra1 37. Rxa1 Bxa1 38. Rg6 Qxf4 39. Rg4 Qf2 40. Rg6
Be5 41. Rg2 Qf1+ 42. Rg1 Qxh3# 0-1

[Event "Copenhagen Chess Challenge 2017"]
[Site "Ballerup"]
[Date "2017.05.13"]
[Round "6.29"]
[White "Liu, Casper Yukun"]
[Black "Nielsen, Thomas Bach"]
[Result "0-1"]
[WhiteElo "1803"]
[BlackElo "2163"]
[PlyCount "44"]
[EventDate "2017.05.10"]

1. e4 c6 2. Nc3 d5 3. Nf3 Bg4 4. h3 Bxf3 5. Qxf3 e6 6. e5 Ne7 7. g4 Ng6 8. d4
c5 9. Be3 cxd4 10. Bxd4 Nc6 11. Bb5 a6 12. Bxc6+ bxc6 13. Qe3 Qc7 14. Bb6 Qxe5
15. O-O-O Qxe3+ 16. fxe3 Rb8 17. Bc7 Rb7 18. Bg3 h5 19. e4 hxg4 20. exd5 cxd5
21. hxg4 Rxh1 22. Rxh1 Rb4 0-1

[Event "Copenhagen Chess Challenge 2017"]
[Site "Ballerup"]
[Date "2017.05.13"]
[Round "6.30"]
[White "Oltzen, Samuel"]
[Black "Stage Steffensen, Sander"]
[Result "1/2-1/2"]
[WhiteElo "1914"]
[BlackElo "1952"]
[PlyCount "113"]
[EventDate "2017.05.10"]

1. e4 e5 2. Nf3 Nc6 3. Bc4 Bc5 4. O-O d6 5. c3 Nf6 6. d3 Be6 7. Nbd2 O-O 8. b4
Bb6 9. a4 a5 10. b5 Ne7 11. h3 Ng6 12. Re1 Nd7 13. Bxe6 fxe6 14. Nc4 Ba7 15.
Ra2 Nh4 16. Nxh4 Qxh4 17. Be3 Bxe3 18. Nxe3 h5 19. Nf1 Rf7 20. Ng3 g6 21. Qc1
Kh7 22. d4 Raf8 23. Qe3 b6 24. Nf1 g5 25. Qg3 Qf4 26. Re3 Kh6 27. Rae2 g4 28.
hxg4 hxg4 29. Qh4+ Kg6 30. g3 Qg5 31. Nh2 Rh7 32. Qxg4 Qxg4 33. Nxg4 Rfh8 34.
f3 Rh1+ 35. Kg2 Nf6 36. Rd3 Nxg4 37. fxg4 R8h2+ 38. Kf3 Rf1+ 39. Ke3 Rh3 40.
Kd2 Ra1 41. Rf3 exd4 42. Ref2 Ra2+ 43. Kd3 Rxf2 44. Rxf2 Rxg3+ 45. Kxd4 Rxg4
46. Rf8 Rh4 47. c4 Rh1 48. Rc8 Rh7 49. Rf8 Rf7 50. Rc8 Kf6 51. Re8 Re7 52. Rf8+
Kg7 53. Rc8 Kf6 54. Rf8+ Rf7 55. Re8 Re7 56. Rf8+ Rf7 57. Re8 1/2-1/2

[Event "Copenhagen Chess Challenge 2017"]
[Site "Ballerup"]
[Date "2017.05.13"]
[Round "6.31"]
[White "Steenstrup, Svend"]
[Black "Nielsen, Carsten Juul"]
[Result "0-1"]
[WhiteElo "1916"]
[BlackElo "1897"]
[PlyCount "76"]
[EventDate "2017.05.10"]

1. d4 Nf6 2. c4 e6 3. Nf3 b6 4. e3 Bb7 5. Bd3 c5 6. Nc3 d6 7. b3 Be7 8. Bb2 O-O
9. Qc2 Nc6 10. a3 cxd4 11. exd4 d5 12. cxd5 exd5 13. O-O g6 14. Rfe1 Nh5 15.
Qd2 Bf6 16. g4 Ng7 17. Ne2 Qd7 18. Qf4 Bd8 19. Ne5 Nxe5 20. dxe5 Ne6 21. Qg3 f6
22. exf6 Bxf6 23. Bxf6 Rxf6 24. f4 Nc5 25. Bc2 Raf8 26. Red1 Ba6 27. g5 R6f7
28. Nc3 Bb7 29. b4 Ne6 30. f5 gxf5 31. Qe5 Nxg5 32. Rd3 Rg7 33. Kf1 f4 34. Nxd5
Ba6 35. Nf6+ Rxf6 36. Kf2 Bxd3 37. Bb3+ Kh8 38. Qxf6 Ne4+ 0-1

[Event "Copenhagen Chess Challenge 2017"]
[Site "Ballerup"]
[Date "2017.05.13"]
[Round "6.32"]
[White "Tandrup, Michael"]
[Black "Christophersen, David"]
[Result "1-0"]
[WhiteElo "1906"]
[BlackElo "1788"]
[PlyCount "85"]
[EventDate "2017.05.10"]

1. d4 f5 2. e4 fxe4 3. Nc3 Nf6 4. Bg5 d6 5. f3 Bf5 6. Bxf6 gxf6 7. fxe4 Bg6 8.
Nf3 Nd7 9. Bc4 e5 10. O-O Nb6 11. Be6 c6 12. a4 Qe7 13. d5 Bh6 14. Qd3 Nd7 15.
Nh4 Bf4 16. Bxd7+ Qxd7 17. dxc6 bxc6 18. g3 Bg5 19. Nf5 Bxf5 20. Rxf5 Rg8 21.
Rd1 Ke7 22. b4 a6 23. b5 axb5 24. axb5 Qa7+ 25. Kg2 Qc5 26. bxc6 Ra3 27. Rf3
Rga8 28. h4 Bh6 29. Nd5+ Kf7 30. c3 Ra2+ 31. Kh3 Qxc6 32. Rxf6+ Kg7 33. Rdf1
Qd7+ 34. R1f5 Rd2 35. Qf3 Kh8 36. Rxh6 Raa2 37. Rhf6 Rh2+ 38. Kg4 Qg7+ 39. Rg5
h5+ 40. Kxh5 Rxh4+ 41. gxh4 Rf2 42. Qxf2 Qf7+ 43. Kg4 1-0

[Event "Copenhagen Chess Challenge 2017"]
[Site "Ballerup"]
[Date "2017.05.13"]
[Round "6.33"]
[White "Kvaloy, Aksel Bu"]
[Black "Nielsen, Thomas (1975)"]
[Result "0-1"]
[WhiteElo "1706"]
[BlackElo "1916"]
[PlyCount "72"]
[EventDate "2017.05.10"]

1. d4 Nf6 2. Nf3 e6 3. e3 c5 4. Bd3 d5 5. b3 Nc6 6. O-O cxd4 7. exd4 Bd6 8. Bb2
O-O 9. a3 Bd7 10. Kh1 Rc8 11. Ne5 Qc7 12. f4 Ne4 13. Nd2 Nxd2 14. Qxd2 f6 15.
Nxc6 Bxc6 16. Rae1 Rce8 17. h3 Re7 18. Qf2 g5 19. g3 Rff7 20. c4 dxc4+ 21. Be4
cxb3 22. Bxc6 Qxc6+ 23. Kh2 Qd5 24. Qe3 gxf4 25. gxf4 Rg7 26. Rg1 Rxg1 27.
Rxg1+ Rg7 28. Rxg7+ Kxg7 29. Qg3+ Kf7 30. Qc3 Bxf4+ 31. Kg1 Qg5+ 32. Kf1 Qg3
33. Qc8 Qf3+ 34. Ke1 Qe3+ 35. Kf1 Qd3+ 36. Kf2 Qc2+ 0-1

[Event "Copenhagen Chess Challenge 2017"]
[Site "Ballerup"]
[Date "2017.05.13"]
[Round "6.34"]
[White "Winther, Bjarke Rosenborg"]
[Black "Hentley, Darryl"]
[Result "1-0"]
[WhiteElo "1784"]
[BlackElo "1643"]
[PlyCount "56"]
[EventDate "2017.05.10"]

1. e4 c6 2. d4 h6 3. Nf3 Nf6 4. e5 Nd5 5. c4 Nc7 6. Nc3 d6 7. exd6 Qxd6 8. Be2
Bf5 9. Qb3 b6 10. Be3 Qg6 11. Nh4 Qh7 12. Nxf5 Qxf5 13. Bf3 e5 14. d5 Nba6 15.
d6 Bxd6 16. Bxc6+ Kd8 17. Bxa8 Nxa8 18. Rd1 Ke7 19. Nd5+ Kf8 20. Qb5 Qc8 21.
O-O g5 22. Nxb6 Nxb6 23. Rxd6 Nc7 24. Qxe5 Rh7 25. Bxb6 axb6 26. Rc6 f6 27.
Qxf6+ Kg8 28. Rd1 Qb8 1-0

[Event "Copenhagen Chess Challenge 2017"]
[Site "Ballerup"]
[Date "2017.05.13"]
[Round "6.35"]
[White "Van den Brink, Nienke"]
[Black "Sundin, Sven Ingvar"]
[Result "1-0"]
[WhiteElo "1756"]
[BlackElo "1605"]
[PlyCount "131"]
[EventDate "2017.05.10"]

1. e4 e5 2. Bc4 Nf6 3. d3 Be7 4. f4 exf4 5. e5 Ng8 6. Bxf4 d5 7. exd6 Bxd6 8.
Qe2+ Ne7 9. Bxd6 Qxd6 10. Nf3 Bf5 11. O-O f6 12. c3 Nbc6 13. Ng5 fxg5 14. Rxf5
O-O-O 15. Rxg5 g6 16. Qe6+ Kb8 17. Qxd6 Rxd6 18. d4 Nf5 19. Nd2 h6 20. Rg4 Rf8
21. Rf4 Rdd8 22. Raf1 Rfe8 23. Bf7 Re2 24. R4f2 Rxf2 25. Rxf2 Nce7 26. Nf3 g5
27. Ne5 c6 28. Be6 Ng7 29. Bb3 Nd5 30. Bxd5 cxd5 31. Nf7 Re8 32. Nxh6 Re1+ 33.
Rf1 Re2 34. Rf8+ Ne8 35. Kf1 Re6 36. Ng4 Kc7 37. Rf5 Rb6 38. b3 Rc6 39. Ne3 Kd6
40. Rxd5+ Ke6 41. Re5+ Kf7 42. c4 Ra6 43. Rxg5 Rxa2 44. Rd5 Nf6 45. Rf5 Kg6 46.
Rb5 b6 47. Ke1 Ne4 48. Re5 Ng5 49. b4 Nf7 50. Re6+ Kg7 51. d5 Ng5 52. Re5 Nf7
53. Re4 Ng5 54. Rd4 Rb2 55. c5 bxc5 56. bxc5 Rb1+ 57. Rd1 Rb5 58. c6 Rc5 59.
Rb1 Kf6 60. Rb7 a5 61. c7 Ne4 62. Rb6+ Ke5 63. Re6+ Kd4 64. Rc6 Rxc6 65. dxc6
Nd6 66. Nf5+ 1-0

[Event "Copenhagen Chess Challenge 2017"]
[Site "Ballerup"]
[Date "2017.05.13"]
[Round "6.36"]
[White "Nielsen, Thomas (1994)"]
[Black "Kallenbach, Uffe"]
[Result "0-1"]
[WhiteElo "1582"]
[BlackElo "1698"]
[PlyCount "114"]
[EventDate "2017.05.10"]

1. a3 d5 2. d4 Nf6 3. e3 Bf5 4. c4 e6 5. Nc3 c6 6. Nf3 h6 7. Bd2 Bd6 8. Rc1
Nbd7 9. c5 Bc7 10. Be2 e5 11. dxe5 Nxe5 12. Nxe5 Bxe5 13. b4 O-O 14. f4 Bc7 15.
O-O Qe7 16. g4 Be4 17. Bf3 Bd3 18. Rf2 Ne4 19. Nxe4 dxe4 20. Be2 Rad8 21. Qb3
Kh7 22. Rc3 Qd7 23. f5 f6 24. Bxd3 exd3 25. Rc4 Be5 26. Qd1 Qf7 27. Re4 Rfe8
28. Kg2 Qd5 29. Qf3 Qb3 30. h4 Qxa3 31. g5 Bc3 32. Rxe8 Rxe8 33. Qh5 Re7 34.
gxf6 Bxf6 35. Qg6+ Kh8 36. e4 Bxh4 37. f6 Bxf6 38. Rxf6 gxf6 39. Qxf6+ Rg7+ 40.
Kh3 Qb3 41. Bc3 Qg8 42. Qd6 Qc8+ 43. Kh2 Kh7 44. Bxg7 Kxg7 45. Qxd3 Qe6 46.
Qg3+ Kf6 47. Qf4+ Kg7 48. Qc7+ Kg6 49. Qg3+ Kh5 50. Qf3+ Qg4 51. Qf7+ Kh4 52.
Qf2+ Kh5 53. Qf7+ Kh4 54. Qf2+ Kg5 55. e5 Qe6 56. Qd2+ Kf5 57. Qd6 Qxe5+ 0-1

[Event "Copenhagen Chess Challenge 2017"]
[Site "Ballerup"]
[Date "2017.05.13"]
[Round "7.1"]
[White "Rasmussen, Allan Stig"]
[Black "Chatalbashev, Boris"]
[Result "0-1"]
[WhiteElo "2547"]
[BlackElo "2546"]
[PlyCount "76"]
[EventDate "2017.05.10"]

1. e4 g6 2. d4 Bg7 3. Nc3 d6 4. Be3 a6 5. Qd2 b5 6. f3 Nd7 7. h4 h5 8. Nh3 Bb7
9. Ng5 Ngf6 10. O-O-O O-O 11. g4 c5 12. gxh5 Nxh5 13. Bh3 cxd4 14. Bxd4 Ne5 15.
Qf2 Nf4 16. Kb1 Nc4 17. Nd5 Nxh3 18. Rxh3 e5 19. Bc3 Bxd5 20. exd5 b4 21. Bd2
Nxb2 22. Kxb2 e4+ 23. Kb3 Qf6 24. Rb1 Qf5 25. Qe2 Qxd5+ 26. Qc4 Qxd2 27. Nxe4
Qf4 28. Qd5 Qe3+ 29. Qd3 Qb6 30. Qxd6 Qa5 31. a4 bxa3 32. Ka2 Rac8 33. c3 Rfd8
34. Qb4 Qf5 35. Rg3 Rd2+ 36. Nxd2 Qc2+ 37. Rb2 axb2 38. Nb1 Rxc3 0-1

[Event "Copenhagen Chess Challenge 2017"]
[Site "Ballerup"]
[Date "2017.05.13"]
[Round "7.2"]
[White "Andersen, Mads"]
[Black "Ochsner, Bjorn Moller"]
[Result "1-0"]
[WhiteElo "2582"]
[BlackElo "2436"]
[PlyCount "69"]
[EventDate "2017.05.10"]

1. d4 Nf6 2. c4 e6 3. Nf3 d5 4. g3 Bb4+ 5. Bd2 Be7 6. Bg2 O-O 7. O-O Ne4 8. Qb3
b6 9. Bf4 Bb7 10. Nc3 Bf6 11. Rfd1 Nxc3 12. bxc3 dxc4 13. Qxc4 Ba6 14. Qxc7
Qxc7 15. Bxc7 Bxe2 16. Re1 Bc4 17. Nh4 Bd5 18. Bxd5 exd5 19. Nf5 Na6 20. Be5
Bxe5 21. Rxe5 Nc7 22. Ne7+ Kh8 23. Nxd5 Nxd5 24. Rxd5 Rac8 25. Rc1 Rc4 26. Kf1
g6 27. Ke2 Rfc8 28. Kd3 a6 29. Rd8+ Rxd8 30. Kxc4 Kg7 31. d5 Kf6 32. Re1 Rc8+
33. Kd4 b5 34. d6 a5 35. Re3 1-0

[Event "Copenhagen Chess Challenge 2017"]
[Site "Ballerup"]
[Date "2017.05.13"]
[Round "7.3"]
[White "Haubro, Martin"]
[Black "Pfreundt, Jakob"]
[Result "1-0"]
[WhiteElo "2356"]
[BlackElo "2388"]
[PlyCount "115"]
[EventDate "2017.05.10"]

1. e4 e5 2. Nf3 Nc6 3. Bb5 Nf6 4. d3 d6 5. c3 Be7 6. O-O O-O 7. Re1 Re8 8. Nbd2
Bf8 9. Ba4 Bd7 10. Nf1 h6 11. Ng3 g6 12. h3 Bg7 13. d4 a5 14. Bc2 a4 15. Be3 a3
16. b3 exd4 17. cxd4 Nb4 18. Bb1 Kh7 19. Qd2 Na6 20. Bd3 c5 21. Rad1 Bc6 22. d5
Bd7 23. Bf4 Qb8 24. e5 Nxd5 25. Bc4 Nxf4 26. Qxf4 Be6 27. Rxd6 Bxc4 28. bxc4
Rxe5 29. Rxe5 Qxd6 30. Qxf7 Rf8 31. Qxb7 Nc7 32. Re1 Ne6 33. Ne4 Qf4 34. Qe7
Nd4 35. Nxd4 cxd4 36. Qxa3 Rd8 37. Qd3 Ra8 38. a3 Qf5 39. c5 Qd5 40. Qf3 Kh8
41. Rc1 d3 42. Nd2 Qxf3 43. Nxf3 Rxa3 44. c6 Ra8 45. Kf1 Kg8 46. Ke1 Kf7 47.
Kd2 Ke7 48. Kxd3 Bf6 49. c7 Kd7 50. c8=Q+ Rxc8 51. Rxc8 Kxc8 52. Ke4 Kd8 53.
Ne5 Bxe5 54. Kxe5 Ke7 55. f4 h5 56. f5 Kf7 57. fxg6+ Kxg6 58. h4 1-0

[Event "Copenhagen Chess Challenge 2017"]
[Site "Ballerup"]
[Date "2017.05.13"]
[Round "7.4"]
[White "Nikolovski, Nikola"]
[Black "Getz, Nicolai"]
[Result "1/2-1/2"]
[WhiteElo "2366"]
[BlackElo "2378"]
[PlyCount "68"]
[EventDate "2017.05.10"]

1. e4 e5 2. Nf3 Nc6 3. d4 exd4 4. Bc4 Bc5 5. c3 Nf6 6. e5 d5 7. Bb5 Ne4 8. cxd4
Bb6 9. Be3 O-O 10. Nc3 f5 11. g3 Kh8 12. h4 Ba5 13. Qc2 Qe7 14. a3 Bxc3+ 15.
bxc3 Nd8 16. Bg5 Qe6 17. Bxd8 Rxd8 18. Ng5 Qe7 19. Nh3 c5 20. Nf4 cxd4 21. cxd4
Be6 22. Bd3 Rac8 23. Qb2 Bf7 24. O-O Rg8 25. Rfc1 Rxc1+ 26. Rxc1 g5 27. hxg5
Qxg5 28. Kf1 Qh6 29. Bxe4 fxe4 30. Qxb7 Qh1+ 31. Ke2 Qxc1 32. Qxf7 Qc4+ 33. Ke1
Qc1+ 34. Ke2 Qc4+ 1/2-1/2

[Event "Copenhagen Chess Challenge 2017"]
[Site "Ballerup"]
[Date "2017.05.13"]
[Round "7.5"]
[White "Rostgaard, Tobias Valentin"]
[Black "Urkedal, Frode"]
[Result "0-1"]
[WhiteElo "2366"]
[BlackElo "2540"]
[PlyCount "60"]
[EventDate "2017.05.10"]

1. e4 e5 2. Nf3 Nc6 3. Bb5 a6 4. Ba4 Nf6 5. O-O Be7 6. d3 b5 7. Bb3 d6 8. a3
O-O 9. Nc3 Bg4 10. Be3 Nd4 11. Bxd4 exd4 12. Nd5 Nd7 13. h3 Bxf3 14. Qxf3 c6
15. Nxe7+ Qxe7 16. Qg3 Nc5 17. Ba2 Rab8 18. b4 Na4 19. Rfe1 Nc3 20. f4 a5 21.
Bb3 a4 22. Ba2 Rbc8 23. Qf2 c5 24. bxc5 dxc5 25. e5 Kh8 26. f5 f6 27. Be6 Rb8
28. Qf4 Qc7 29. g3 fxe5 30. Rxe5 g5 0-1

[Event "Copenhagen Chess Challenge 2017"]
[Site "Ballerup"]
[Date "2017.05.13"]
[Round "7.6"]
[White "Kleinman, Michael"]
[Black "Teplyi, Igor"]
[Result "1/2-1/2"]
[WhiteElo "2335"]
[BlackElo "2440"]
[PlyCount "62"]
[EventDate "2017.05.10"]

1. e4 c5 2. Nf3 d6 3. d4 cxd4 4. Qxd4 Nf6 5. Bb5+ Bd7 6. c4 Nc6 7. Qd3 g6 8.
Nc3 Bg7 9. h3 O-O 10. O-O a6 11. Bxc6 Bxc6 12. Be3 Nd7 13. Bd4 Nc5 14. Qe3 Bxd4
15. Nxd4 e5 16. Nf3 Qe7 17. b4 Na4 18. Rac1 Nxc3 19. Rxc3 Rac8 20. Rd1 Rfd8 21.
Nd2 Bd7 22. Rdc1 Be6 23. a3 Rc7 24. Nf1 Rdc8 25. Qd3 a5 26. Ne3 axb4 27. axb4
Ra8 28. Rd1 Ra4 29. b5 Rd7 30. Ra3 Rxa3 31. Qxa3 Qd8 1/2-1/2

[Event "Copenhagen Chess Challenge 2017"]
[Site "Ballerup"]
[Date "2017.05.13"]
[Round "7.7"]
[White "Percivaldi, Martin"]
[Black "Reimanis, Ritvars"]
[Result "1/2-1/2"]
[WhiteElo "2421"]
[BlackElo "2302"]
[PlyCount "181"]
[EventDate "2017.05.10"]

1. d4 Nf6 2. c4 e6 3. Nf3 d5 4. g3 Be7 5. Bg2 O-O 6. O-O dxc4 7. Qc2 b5 8. a4
b4 9. Nfd2 c6 10. Nxc4 Qxd4 11. Rd1 Qc5 12. Nbd2 Rd8 13. b3 Ba6 14. Bb2 Nbd7
15. e3 Qh5 16. h3 Rac8 17. Nf3 Qg6 18. Qc1 Bxc4 19. Qxc4 Nd5 20. e4 N5f6 21. e5
Nd5 22. a5 Bc5 23. Nd4 Qg5 24. Re1 Qe7 25. Nf3 Nb8 26. Rec1 Nd7 27. Ra4 Rc7 28.
Qc2 a6 29. Nd2 Ba7 30. Ne4 Nb8 31. Qc4 Nc3 32. Bxc3 bxc3 33. Qxc3 Nd7 34. Rc4
h6 35. b4 Kh8 36. Rc2 Nb8 37. Kh2 Kg8 38. Nd6 f6 39. Ne4 fxe5 40. Qxe5 Rd5 41.
Qc3 Rf5 42. h4 Rb5 43. Qd2 Rd5 44. Qe2 Re5 45. Qg4 Rf5 46. Nc5 Qf6 47. Ne4 Qe7
48. Qg6 Qf7 49. Qxf7+ Rfxf7 50. Nc5 Rfe7 51. Rd2 Re8 52. Bh3 e5 53. Rd6 Bxc5
54. Rxc5 Rce7 55. Rc3 Rf8 56. Kg2 Kh7 57. Re3 Ref7 58. f3 Rb7 59. Rxe5 Rxb4 60.
Bf5+ Kg8 61. Be4 Rb5 62. Rxb5 axb5 63. Bxc6 Nxc6 64. Rxc6 Ra8 65. a6 b4 66. h5
b3 67. Rb6 b2 68. Rxb2 Rxa6 69. Kh3 Ra5 70. Kg4 Rg5+ 71. Kh4 Rf5 72. f4 Ra5 73.
Rb7 Rc5 74. Kg4 Ra5 75. Kf3 Ra3+ 76. Kg4 Ra5 77. Re7 Rb5 78. f5 Rb4+ 79. Kf3
Ra4 80. Rd7 Rb4 81. Re7 Ra4 82. Re4 Ra5 83. Kf4 Kf7 84. Rd4 Ra1 85. Rd7+ Kf6
86. Rd6+ Kf7 87. Rd4 Kf6 88. Rd6+ Kf7 89. Rg6 Rf1+ 90. Kg4 Rf2 91. Rb6 1/2-1/2

[Event "Copenhagen Chess Challenge 2017"]
[Site "Ballerup"]
[Date "2017.05.13"]
[Round "7.8"]
[White "Arman, Deniz"]
[Black "Jacobsen, Mikkel Manosri"]
[Result "1/2-1/2"]
[WhiteElo "2377"]
[BlackElo "2187"]
[PlyCount "127"]
[EventDate "2017.05.10"]

1. d4 d5 2. Nc3 Nf6 3. Bg5 Nbd7 4. Qd3 e6 5. e4 dxe4 6. Nxe4 Be7 7. Bxf6 Nxf6
8. Nxf6+ Bxf6 9. O-O-O Qd5 10. Kb1 Bd7 11. Be2 O-O-O 12. Bf3 Qd6 13. Qe3 Bb5
14. Ne2 Qb6 15. c3 e5 16. d5 Qxe3 17. fxe3 e4 18. Bg4+ Kb8 19. Nf4 Rd6 20. Be2
Bxe2 21. Nxe2 Rhd8 22. Ng3 Rxd5 23. Rxd5 Rxd5 24. Nxe4 Be7 25. Kc2 Kc8 26. Rf1
f6 27. Rf3 Kd7 28. c4 Re5 29. Kd3 Ke6 30. b3 c6 31. Nc3 Rg5 32. Ne2 Bd6 33. g3
Kf7 34. Kd2 Ra5 35. Nc1 h5 36. h3 g5 37. g4 hxg4 38. hxg4 Kg6 39. e4 Bf4+ 40.
Kc2 Bxc1 41. Kxc1 Rxa2 42. Rd3 Re2 43. Rd7 Rxe4 44. Rxb7 Rxg4 45. Rc7 Rd4 46.
Rxc6 g4 47. Rc8 Rd7 48. Rg8+ Kf5 49. Kc2 Kf4 50. c5 Rc7 51. b4 a5 52. Kc3 axb4+
53. Kxb4 f5 54. Kb5 g3 55. Kb6 Re7 56. c6 Kf3 57. c7 Rxc7 58. Kxc7 f4 59. Kd6
Kg2 60. Ke5 f3 61. Kf4 f2 62. Rxg3+ Kh2 63. Rf3 Kg2 64. Rxf2+ 1/2-1/2

[Event "Copenhagen Chess Challenge 2017"]
[Site "Ballerup"]
[Date "2017.05.13"]
[Round "7.9"]
[White "Jorgensen, Dennis"]
[Black "Englert, Fabian"]
[Result "0-1"]
[WhiteElo "2172"]
[BlackElo "2375"]
[PlyCount "78"]
[EventDate "2017.05.10"]

1. d4 d5 2. Nf3 Nf6 3. c4 dxc4 4. e3 b5 5. a4 b4 6. Bxc4 e6 7. O-O Bb7 8. Qe2
Be7 9. Rd1 O-O 10. a5 a6 11. Nbd2 Nbd7 12. Nb3 Ne4 13. Bd2 Nxd2 14. Rxd2 Nf6
15. Rc1 Ne4 16. Rdd1 Bd6 17. Nc5 Bxc5 18. dxc5 Qe7 19. Bd3 Nxc5 20. Bb1 g6 21.
Qc4 Bxf3 22. gxf3 Nb7 23. Be4 Nxa5 24. Qc5 Qxc5 25. Rxc5 Nb3 26. Rxc7 Rad8 27.
Rxd8 Rxd8 28. Rc6 a5 29. Bc2 Nd2 30. Kg2 b3 31. Bd1 a4 32. Ra6 Nb1 33. Be2 a3
34. bxa3 Nc3 35. Rb6 Nxe2 36. Rxb3 Rd2 37. Kf1 Nc1 38. Rb8+ Kg7 39. a4 Ra2 0-1

[Event "Copenhagen Chess Challenge 2017"]
[Site "Ballerup"]
[Date "2017.05.13"]
[Round "7.10"]
[White "Fries Nielsen, Jens Ove"]
[Black "O'Gorman, Tom"]
[Result "1/2-1/2"]
[WhiteElo "2351"]
[BlackElo "2229"]
[PlyCount "109"]
[EventDate "2017.05.10"]

1. e4 c5 2. Nc3 Nc6 3. g3 g6 4. Bg2 Bg7 5. d3 d6 6. Nge2 Nf6 7. h3 O-O 8. O-O
Rb8 9. g4 Nd4 10. Nxd4 cxd4 11. Ne2 Nd7 12. f4 b5 13. f5 Bb7 14. Nf4 Nb6 15.
Qe2 Qc7 16. h4 Rbc8 17. Rf2 Nd7 18. fxg6 hxg6 19. g5 Ne5 20. Bh3 Rb8 21. Nd5
Bxd5 22. exd5 e6 23. dxe6 Rbe8 24. exf7+ Rxf7 25. Bf4 Qc6 26. Bg2 d5 27. Raf1
Rfe7 28. Qd1 Qd7 29. h5 Ng4 30. Bxd5+ Kh7 31. hxg6+ Kxg6 32. Rg2 Ne3 33. Bxe3
dxe3 34. Be4+ Rxe4 35. dxe4 Bd4 36. c3 e2+ 37. Qxd4 Qxd4+ 38. cxd4 exf1=Q+ 39.
Kxf1 Rxe4 40. Rd2 Kxg5 41. d5 Kf6 42. d6 Re8 43. d7 Rd8 44. Rd5 Ke6 45. Rxb5
Rxd7 46. Ke2 Kd6 47. Rb3 Kc6 48. Rd3 Rh7 49. Kd2 Kb6 50. Kc3 Rh4 51. Rd4 Rh3+
52. Kb4 Rh2 53. Ka3 Rh3+ 54. b3 Rh2 55. Rg4 1/2-1/2

[Event "Copenhagen Chess Challenge 2017"]
[Site "Ballerup"]
[Date "2017.05.13"]
[Round "7.11"]
[White "Andreasen, Joan Hendrik"]
[Black "Hector, Jonny"]
[Result "0-1"]
[WhiteElo "2189"]
[BlackElo "2498"]
[PlyCount "44"]
[EventDate "2017.05.10"]

1. d4 d5 2. c4 c6 3. Nf3 Nf6 4. Nc3 dxc4 5. a4 Bf5 6. e3 e6 7. Bxc4 Bb4 8. O-O
Nbd7 9. Qe2 Bg6 10. Rd1 O-O 11. Bd3 Bh5 12. h3 Qe7 13. e4 e5 14. d5 cxd5 15.
Nxd5 Nxd5 16. exd5 f5 17. d6 Bxd6 18. g4 fxg4 19. Ng5 Nf6 20. hxg4 Bxg4 21.
Bxh7+ Kh8 22. f3 Bc5+ 0-1

[Event "Copenhagen Chess Challenge 2017"]
[Site "Ballerup"]
[Date "2017.05.13"]
[Round "7.12"]
[White "Hagen, Andreas Skytte"]
[Black "Brondt, Nicolai Kvist"]
[Result "1-0"]
[WhiteElo "2389"]
[BlackElo "2213"]
[PlyCount "55"]
[EventDate "2017.05.10"]

1. Nf3 c5 2. g3 b6 3. Bg2 Bb7 4. O-O Nf6 5. d3 d5 6. Nbd2 e6 7. e4 Be7 8. Re1
Nc6 9. c3 Qc7 10. Qe2 O-O 11. e5 Nd7 12. Nf1 b5 13. h4 b4 14. h5 a5 15. h6 g6
16. N1h2 a4 17. a3 Na5 18. Bg5 Bxg5 19. Nxg5 bxc3 20. bxc3 Qd8 21. Qg4 Qe7 22.
Qf4 Rab8 23. Qxa4 Qxg5 24. Qxd7 Nc6 25. Qd6 Rfd8 26. Qxc5 Nxe5 27. Qd4 f6 28.
f4 1-0

[Event "Copenhagen Chess Challenge 2017"]
[Site "Ballerup"]
[Date "2017.05.13"]
[Round "7.13"]
[White "Aabling Thomsen, Jakob"]
[Black "Quinones Maletti, Julio Guillermo"]
[Result "1-0"]
[WhiteElo "2382"]
[BlackElo "2164"]
[PlyCount "89"]
[EventDate "2017.05.10"]

1. d4 Nf6 2. Nf3 g6 3. Nbd2 Bg7 4. e4 d6 5. Bc4 O-O 6. Qe2 c6 7. e5 Nd5 8. O-O
a5 9. exd6 exd6 10. Bxd5 cxd5 11. Qb5 Nc6 12. c3 a4 13. Qxd5 Ra5 14. Qc4 Be6
15. Qe2 Re8 16. Re1 Rh5 17. Nf1 Bd7 18. Be3 Qa5 19. Ng3 Rb5 20. b4 Qa6 21. a3
d5 22. Qd2 Rb6 23. Bh6 f6 24. Bxg7 Kxg7 25. Qf4 Ne7 26. h4 Qc4 27. Re3 Re6 28.
Nd2 Qc6 29. Rae1 Nc8 30. h5 Rxe3 31. Rxe3 Rxe3 32. Qxe3 Qe6 33. Qf4 Nd6 34.
Ndf1 Nb5 35. Ne3 Nxa3 36. h6+ Kf7 37. Qb8 f5 38. Qh8 f4 39. Qxh7+ Kf6 40. Qg7+
Kg5 41. h7 fxe3 42. h8=Q exf2+ 43. Kxf2 Nc2 44. Qgh6+ Kg4 45. Qh4# 1-0

[Event "Copenhagen Chess Challenge 2017"]
[Site "Ballerup"]
[Date "2017.05.13"]
[Round "7.14"]
[White "Hoi, Carsten"]
[Black "Veng, Johnny"]
[Result "1-0"]
[WhiteElo "2368"]
[BlackElo "2277"]
[PlyCount "101"]
[EventDate "2017.05.10"]

1. d4 Nf6 2. c4 Nc6 3. Nc3 e5 4. d5 Ne7 5. Nf3 Ng6 6. h4 h5 7. Bg5 Bc5 8. e3 d6
9. a3 Ne7 10. Bd3 Ng4 11. Bxe7 Qxe7 12. Ng5 a6 13. b4 Ba7 14. Qc2 Rh6 15. O-O
Kf8 16. c5 Bd7 17. Rac1 Kg8 18. c6 bxc6 19. dxc6 Be6 20. Qe2 d5 21. e4 dxe4 22.
Ncxe4 a5 23. Bc4 Bxc4 24. Qxc4 axb4 25. axb4 Bd4 26. b5 Rg6 27. Rcd1 Rd8 28.
Rd3 Nf6 29. Rf3 Rf8 30. Qc2 Nxe4 31. Qxe4 Rxg5 32. hxg5 Qxg5 33. Qd5 Qd8 34.
Qc4 g6 35. Rb1 Kg7 36. g3 h4 37. Kg2 hxg3 38. fxg3 Qe7 39. Rh1 f5 40. Rd1 Rd8
41. Rfd3 Qf6 42. b6 cxb6 43. c7 Rc8 44. Rc1 Qg5 45. Rxd4 exd4 46. Qxd4+ Qf6 47.
Qd7+ Kh6 48. Qxc8 Qb2+ 49. Kh3 Qxc1 50. Qh8+ Kg5 51. Qh4# 1-0

[Event "Copenhagen Chess Challenge 2017"]
[Site "Ballerup"]
[Date "2017.05.13"]
[Round "7.15"]
[White "Dahl, Trygve"]
[Black "Bjerre, Jonas Buhl"]
[Result "1/2-1/2"]
[WhiteElo "2169"]
[BlackElo "2338"]
[PlyCount "61"]
[EventDate "2017.05.10"]

1. e4 c5 2. Nf3 d6 3. d4 cxd4 4. Nxd4 Nf6 5. f3 e5 6. Bb5+ Nbd7 7. Nf5 Qc7 8.
Nc3 a6 9. Ba4 b5 10. Bb3 Nb6 11. Ne3 Be6 12. Ncd5 Nfxd5 13. Bxd5 Nxd5 14. Nxd5
Bxd5 15. Qxd5 Rc8 16. c3 Qc4 17. Qxc4 Rxc4 18. Bd2 Be7 19. b3 Rc8 20. a4 Kd7
21. Ke2 Rc7 22. axb5 axb5 23. Ra5 Rb8 24. Rha1 Rcb7 25. Be3 Bd8 26. Ra6 Bc7 27.
R1a2 Kd8 28. Ra1 Kd7 29. R1a2 Kd8 30. Rd2 Ke7 31. Rda2 1/2-1/2

[Event "Copenhagen Chess Challenge 2017"]
[Site "Ballerup"]
[Date "2017.05.13"]
[Round "7.16"]
[White "Kristensen, Kaare Hove"]
[Black "Lokander, Martin"]
[Result "1/2-1/2"]
[WhiteElo "2329"]
[BlackElo "2333"]
[PlyCount "90"]
[EventDate "2017.05.10"]

1. c4 g6 2. Nc3 Bg7 3. d4 Nf6 4. e4 d6 5. f4 O-O 6. Nf3 c5 7. dxc5 Qa5 8. Bd3
Qxc5 9. Qe2 Bg4 10. Be3 Qh5 11. O-O Nc6 12. Rac1 Nd7 13. Qf2 Nc5 14. Bb1 a5 15.
Nd4 Be6 16. Nxc6 bxc6 17. Ne2 Rab8 18. b3 f5 19. Ng3 Qg4 20. exf5 Bxf5 21. Nxf5
gxf5 22. Bxc5 dxc5 23. Qxc5 Rbd8 24. Qxc6 Rd2 25. Qf3 Bd4+ 26. Kh1 Qxf3 27.
Rxf3 e6 28. h3 Kf7 29. Rd3 Rxd3 30. Bxd3 Be3 31. Rf1 Rd8 32. Bb1 h5 33. Kh2 h4
34. Rf3 Bd2 35. g4 hxg3+ 36. Kxg3 Be1+ 37. Kg2 Rd2+ 38. Kf1 Bh4 39. Bd3 Be7 40.
a4 Rb2 41. Be2 Rb1+ 42. Kg2 Rb2 43. Kf1 Rb1+ 44. Kg2 Rb2 45. Kf1 Rb1+ 1/2-1/2